Tělovýchovné lékařství pro studium rehabilitace /

Hlavní autor: Kučera, Miroslav, 1932-2013
Korporativní autor: Univerzita Karlova. Fakulta tělesné výchovy a sportu
Jazyk: Čeština
Vydáno: Praha : Státní pedagogické nakladatelství, 1989
Vydání: 1. vyd.
Témata:
Fyzický popis: 96 s. : tb., grafy ; 29 cm
Knihy
Uloženo v:
LEADER 01116nam a22003012a 4500
001 000137683
003 CZ BrMZK
005 20080206094346.0
007 ta
008 950101s1989 xr f cze d
020 |a 80-7066-025-2  |q (Brož.) :  |c 7 Kčs 
040 |a BOA001  |b cze 
080 9 |a 615.8 
080 9 |a 796 
100 1 |a Kučera, Miroslav,  |d 1932-2013  |7 jk01070574  |4 aut 
245 1 0 |a Tělovýchovné lékařství pro studium rehabilitace /  |c Miroslav Kučera a kol. 
250 |a 1. vyd. 
260 |a Praha :  |b Státní pedagogické nakladatelství,  |c 1989 
300 |a 96 s. :  |b tb., grafy ;  |c 29 cm 
504 |a Obsahuje bibliografii 
500 |a 500 výt. 
550 |a Vydavatel: Univerzita Karlova. Fakulta tělesné výchovy a sportu 
655 7 |a učebnice vysokých škol  |7 fd133772  |2 czenas 
710 2 |a Univerzita Karlova.  |b Fakulta tělesné výchovy a sportu  |7 kn20010710337 
910 |a BOA001  |b 4-0951.404 
964 |a Tělovýchovné lékařství -učebnice - vysoké školy 
990 |a BK 
996 6 |b 2619959224  |c 4-0951.404  |l MZK  |r Sklad / do 1 hodiny  |n 14  |w 000137683  |u 000010  |a 1  |e BOA001  |j MZK50  |s P